Efektívna daňová sadzba spoločností so zameraním sa na malé a stredné podniky v SR
Nutnosť zohľadňovať reálne daňové zaťaženie pri tvorbe daňovej politiky vzhľadom na nízku vypovedajúcu schopnosť nominálnych daňových sadzieb. Efektívna daňová sadzba (vyjadrená pomerom dane, zaplatenej právnickou osobou a výsledkom jej hospodárenia pred zdanením) ako vhodný ukazovateľ. Meranie daňo...
Enregistré dans:
| Auteur principal: | |
|---|---|
| Autres auteurs: | |
| Format: | Chapitre de livre |
| Langue: | slovaque |
| Sujets: | |
| Tags: |
Pas de tags, Soyez le premier à ajouter un tag!
|
MARC
| LEADER | 00000nla a2200000 4500 | ||
|---|---|---|---|
| 001 | 0239815 | ||
| 005 | 20240502073904.8 | ||
| 041 | 0 | |a slo | |
| 044 | |a SK | ||
| 245 | 1 | 0 | |a Efektívna daňová sadzba spoločností so zameraním sa na malé a stredné podniky v SR |c Anna Schultzová, Jaroslava Šepeľová |
| 520 | |a Nutnosť zohľadňovať reálne daňové zaťaženie pri tvorbe daňovej politiky vzhľadom na nízku vypovedajúcu schopnosť nominálnych daňových sadzieb. Efektívna daňová sadzba (vyjadrená pomerom dane, zaplatenej právnickou osobou a výsledkom jej hospodárenia pred zdanením) ako vhodný ukazovateľ. Meranie daňového zaťaženia právnických osôb. Malé a stredné podniky v hospodárstve SR. Meranie skutočného daňového zaťaženia malých a stredných podnikov na Slovensku; efektívna daňová sadzba v období 2013–2016. Meranie skutočného daňového zaťaženia právnických osôb v Európskej únii v období 2013–2016. | ||
| 610 | 2 | 0 | |a politika daňová |
| 610 | 2 | 0 | |a optimalizácia |
| 610 | 2 | 0 | |a optimalizácia daňová |
| 610 | 2 | 0 | |a zaťaženie daňové |
| 610 | 2 | 0 | |a zdaňovanie |
| 610 | 2 | 0 | |a dane |
| 610 | 2 | 0 | |a sadzby daňové |
| 610 | 2 | 0 | |a dane z príjmov |
| 610 | 2 | 0 | |a osoby právnické |
| 610 | 2 | 0 | |a podnik |
| 610 | 2 | 0 | |a podnik malý |
| 610 | 2 | 0 | |a podnik stredný |
| 610 | 2 | 0 | |a Slovensko |
| 610 | 2 | 0 | |a Európska únia |
| 610 | 2 | 0 | |a ukazovatele |
| 610 | 2 | 0 | |a porovnanie medzinárodné |
| 100 | 1 | |a Schultzová, Anna | |
| 700 | 1 | |a Šepeľová, Jaroslava, 1993- | |